00275nam a2200121Ia 45000030006000000080041000060400015000471000015000622450038000772600009001155460012001240050017001360STCL150530s9999 xx 000 0 und d aSTCLcSTCL aTozer, H.F 4aThe church and the eastern empire c1888 aEnglish20220125165410.0